000 00701nam a2200193 i 4500
001 102322
003 ES-MaACL
005 20250618143853.0
007 t|
008 051108s1930 po ||||1| por d
100 1 _aMenéndez Pidal, Ramón,
_d1869-1968
_980315
245 1 4 _aLos "Estudos sobre o romanceiro peninsular" de Doña Carolina /
_cR. Menéndez Pidal.
260 _aCoimbra :
_b[s.n.],
_c1930 (
_fImprensa da Universidade)
300 _a8 p. ;
_c29 cm.
500 _aMiscelania de Estudios en honor de Doña Carolina Michaelis de Vasconcellos.
600 1 7 _aVasconcelos, Carolina Michaëlis de,
_d1851-1925
_2
_9158361
852 _aES-MaACL
_j1858-F-17
_bR.23383
999 _c102322
_d102322